Statistics for Countries with Euro as currency that are not members in EU

Click here to take the quiz!

General Stats

  • This quiz has been taken 126 times
  • The average score is 5 of 6

Answer Stats

Answer% Correct
Andorra
91%
San Marino
91%
Vatican City
88%
Monaco
87%
Kosovo
70%
Montenegro
64%

Score Distribution

Percentile by Number Answered

Percent of People with Each Score

Your Score History

You have not taken this quiz